Statistics for States in the Union (American Civil War)

Click here to take the quiz!

General Stats

  • This quiz has been taken 190 times
  • The average score is 22 of 25

Answer Stats

Union State% Correct
New York
98%
Maine
98%
Vermont
94%
Rhode Island
93%
Michigan
92%
Ohio
92%
New Hampshire
91%
Indiana
90%
New Jersey
90%
Pennsylvania
90%
Maryland
90%
Delaware
89%
Kentucky
88%
Illinois
88%
Massachusetts
86%
California
86%
Connecticut
85%
Oregon
84%
Wisconsin
83%
Kansas
83%
Iowa
82%
Missouri
80%
West Virginia
80%
Minnesota
77%
Nevada
64%

Score Distribution

Percentile by Number Answered

Percent of People with Each Score

Your Score History

You have not taken this quiz